Statistics for Double letter USA

Click here to take the quiz!

General Stats

  • This quiz has been taken 27 times
  • The average score is 14 of 50

Answer Stats

StateAnswer% Correct
IndianaIndianapolis
96%
OklahomaOklahoma
96%
AlaskaAnchorage
92%
PennsylvaniaPhiladelphia
92%
HawaiiHonolulu
92%
New YorkNew York
85%
KansasKansas City
81%
DelawareDover
69%
MinnesotaMinneapolis
69%
ColoradoColorado Springs
65%
New JerseyNewark
65%
VirginiaVirginia Beach
54%
IowaIowa City
46%
FloridaFort Lauderdale
38%
MontanaMissoula
38%
IdahoIdaho Falls
35%
LouisianaLafayette
35%
South DakotaSioux Falls
31%
TexasTyler
31%
NevadaNorth Las Vegas
31%
New HampshireNashua
27%
AlabamaAuburn
19%
MaineMadison
19%
WisconsinWaukesha
15%
GeorgiaGainesville
15%
OregonOregon City
12%
CaliforniaChula Vista
12%
North CarolinaNew Bern
8%
OhioOxford
8%
MichiganMuskegon
8%
MassachusettsMalden
8%
NebraskaNorfolk
8%
West VirginiaWeirton
4%
WashingtonWenatchee
4%
MississippiMeridian
4%
ConnecticutCheshire
4%
Rhode IslandRichmond
4%
South CarolinaSummerville
4%
IllinoisInverness
4%
TennesseeTullahoma
4%
ArkansasArkadelphia
4%
UtahUintah
4%
ArizonaApache Junction
0%
MissouriMaryland Heights
0%
New MexicoNorth valley
0%
VermontVergennes
0%
MarylandMount Airy
0%
North DakotaNew Town
0%
KentuckyKuttawa
0%
WyomingWorland
0%

Score Distribution

Percentile by Number Answered

Percent of People with Each Score

Your Score History

You have not taken this quiz